logo

Bir Sreshtho Munshi Abdur Rouf Library
Jhenaidah Cadet College

পরিসংখ্যান প্রথম পত্র একাদশ-দ্বাদশ শ্রেণী / (Record no. 7140)

MARC details
000 -LEADER
fixed length control field 00755nam a22002297a 4500
001 - CONTROL NUMBER
JCCL Control Number 7140
003 - CONTROL NUMBER IDENTIFIER
JCCL marc code BD-JhCC
005 - DATE AND TIME OF LATEST TRANSACTION
control field 20180517095705.0
008 - FIXED-LENGTH DATA ELEMENTS--GENERAL INFORMATION
fixed length control field 171218s2013 bg a|||| ||a| 000 0 ben d
035 ## - SYSTEM CONTROL NUMBER
system control number (BD-JhCC)5780
040 ## - CATALOGING SOURCE
Original cataloging agency BD-JhCC
Modifying agency BD-JhCC
041 ## - LANGUAGE CODE
Language code of Book ben
082 ## - DEWEY DECIMAL CLASSIFICATION NUMBER
Classification number 519.5
Author mark and Year ALI 2013
100 ## - MAIN ENTRY--PERSONAL NAME
Personal name আলী, আকবর
245 ## - TITLE STATEMENT
Title পরিসংখ্যান প্রথম পত্র একাদশ-দ্বাদশ শ্রেণী /
Statement of responsibility, etc আকবর আলী, মোস্তফা আকবর
260 ## - PUBLICATION, DISTRIBUTION, ETC. (IMPRINT)
Place of publication, distribution, etc ঢাকা :
Name of publisher, distributor, etc হাসান বুক হাউস,
Date of publication, distribution, etc 2013.
300 ## - PHYSICAL DESCRIPTION
Pagination 298 p. :
Dimensions 23 cm.
650 ## - SUBJECT ADDED ENTRY--TOPICAL TERM
Topical term or geographic name as entry element Statistics
700 ## - ADDED ENTRY--PERSONAL NAME
Personal name আকবর, মোস্তফা
942 ## - ADDED ENTRY ELEMENTS (KOHA)
Source of classification or shelving scheme Dewey Decimal Classification
Koha item type Books
Holdings
Source of classification or shelving scheme Damaged status Not for loan Home library Current library Shelving location Date of accession Cost, normal purchase price Total Checkouts Full call number Barcode Date last seen Copy number Koha item type
Dewey Decimal Classification     JCC Rouf Library JCC Rouf Library General Stacks 02/05/2018 114.00   519.5 ALI 2013 9652 02/05/2018 C - 1 Books
Dewey Decimal Classification     JCC Rouf Library JCC Rouf Library General Stacks 02/05/2018 114.00   519.5 ALI 2013 9651 02/05/2018 C - 2 Books

JCC Library | Contacts | JCC Home

Last Update on 23 September 2017
Copyright @ 2017-2020 JCC Rouf Library
Rouf Library, Jhenidah Cadet College (JCC), Bangladesh